| 000 -CABECERA |
| campo de control de longitud fija |
01118nam a22002297a 4500 |
| 005 - FECHA Y HORA DE LA ÚLTIMA TRANSACCIÓN |
| campo de control |
20210617210343.0 |
| 008 - DATOS DE LONGITUD FIJA--INFORMACIÓN GENERAL |
| campo de control de longitud fija |
210617s1995 ec ||||| |||| 00| 0 spa d |
| 020 ## - NÚMERO INTERNACIONAL ESTÁNDAR DEL LIBRO |
| ISBN |
9789978041628 |
| 040 ## - FUENTE DE LA CATALOGACIÓN |
| Centro/agencia transcriptor |
CAAAP |
| 050 ## - SIGNATURA TOPOGRÁFICA DE LA BIBLIOTECA DEL CONGRESO |
| Número de clasificación |
HM 101 |
| Número de documento/Ítem |
G83 |
| 500 ## - NOTA GENERAL |
| Nota general |
"Tercera Reunión de Barbados" [tuvo lugar en Río de Janeiro entre el 6 y el 10 de diciembre 1993] |
| 245 00 - MENCIÓN DE TÍTULO |
| Título |
Articulación de la diversidad : |
| Subtitulo |
pluralidad étnica, autonomías y democratización en América Latina / |
| Mención de responsabilidad, etc. |
coord.: Georg Grünberg; Ed. Alicia Barabas |
| 260 3# - PUBLICACIÓN, DISTRIBUCIÓN, ETC. |
| Lugar de publicación, distribución, etc. |
Quito: |
| Nombre del editor, distribuidor, etc. |
Ed. Abya-Yala, |
| Fecha de publicación, distribución, etc. |
1995 |
| 300 ## - DESCRIPCIÓN FÍSICA |
| Extensión |
410 p. |
| 490 ## - MENCIÓN DE SERIE |
| Mención de serie |
Biblioteca Abya-Yala, |
| Volumen |
N° 27 |
| 505 0# - NOTA DE CONTENIDO CON FORMATO |
| Nota de contenido con formato |
Introducción -- Diversidad y democracia : un futuro necesario -- Declaración de Barbados III --Homenaje a Guillermo Bonfil -- Guillermo Bonfil un visionario de la sociedad multiétnica mexicana -- La obra de Guillermo Bonfil Batalla. |
| 650 #0 - PUNTO DE ACCESO ADICIONAL DE MATERIA--TÉRMINO DE MATERIA |
| 9 (RLIN) |
688 |
| Término de materia o nombre geográfico como elemento de entrada |
Etnología |
| 650 #0 - PUNTO DE ACCESO ADICIONAL DE MATERIA--TÉRMINO DE MATERIA |
| 9 (RLIN) |
779 |
| Término de materia o nombre geográfico como elemento de entrada |
Indígenas de América del Sur |
| Subdivisión general |
Relaciones gubernamentales |
| 700 1# - PUNTO DE ACCESO ADICIONAL--NOMBRE DE PERSONA |
| 9 (RLIN) |
3352 |
| Nombre de persona |
Grünberg, Georg |
| Término indicativo de función/relación |
coordinador |
| 700 1# - PUNTO DE ACCESO ADICIONAL--NOMBRE DE PERSONA |
| 9 (RLIN) |
3353 |
| Nombre de persona |
Barabas, Alicia |
| Término indicativo de función/relación |
editora |
| 942 ## - ELEMENTOS PERSONALIZADOS KOHA |
| Fuente del sistema de clasificación o colocación |
|
| Fecha de catalogación |
DD - MM - AA |
| Tipo de ítem Koha |
Libros |